Szczegóły MARC21

Udział Polski w organizacjach międzynarodowych /

003 -Nazwa inst., której nr kontr. jest w polu 001 [,]
    • @
    • Nazwa instytucji, której n kontrolny jest w polu 001
    • NUKAT
005 -DATA I CZAS OSTATNIEJ MODYFIKACJI [,]
    • @
    • pole kontrolne
    • 20241231114745.0
020 -Międzynarod. znormalizowany nr książki - ISBN [ , ]
    • a
    • Numer ISBN
    • 9788373835597 Find
040 -Instytucja sporządzająca opis [ , ]
    • a
    • Instytucja, która sporządziła opis (NP)
    • WA U/98AST
    • c
    • Instytucja, która sporządziła rekord (NP)
    • WA U/AST
    • d
    • Instytucja, która zmodyfikowała rekord (P)
    • WA U/98ZS
    • d
    • Instytucja, która zmodyfikowała rekord (P)
    • WA U/98EBTs
    • d
    • Instytucja, która zmodyfikowała rekord (P)
    • WR U/MW
    • d
    • Instytucja, która zmodyfikowała rekord (P)
    • KR U/MWs
    • d
    • Instytucja, która zmodyfikowała rekord (P)
    • WA LAZ/AZ
942 -Rodzaj dokumentu [ , ]
    • c
    • Rodzaj dokumentu
    • Książka
245 -Strefa tytułu i oznaczenia odpowiedzialności [0,0]
    • a
    • Tytuł
    • Udział Polski w organizacjach międzynarodowych / Find
    • c
    • Pozostałe elementy strefy tytułu i oznaczenia odpowiedzialności (NP)
    • red. nauk.: Stanisław Parzymies, Irena Popiuk-Rysińska ; Instytut Stosunków Międzynarodowych Uniwersytetu Warszawskiego ; Fundacja Studiów Międzynarodowych.
260 -Strefa adresu wydawniczego [ , ]
    • a
    • Miejsce wydania (P)
    • Warszawa :
    • b
    • Nazwa wydawcy (P)
    • Wydawnictwo Naukowe Scholar,
    • c
    • Data wydania (P)
    • 2012.
300 -Strefa opisu fizycznego [ , ]
    • a
    • Określenie formy książki i/lub objętość (NP)
    • 496 s. :
    • b
    • Oznaczenie ilustracji (NP)
    • il. ;
    • c
    • Format (NP)
    • 24 cm.
336 -Typ zawartości [ , ]
    • a
    • Termin opisujący typ zawartości
    • Tekst
    • b
    • Kod określający zawartość
    • txt
    • 2
    • Źródło (terminu i kodu)
    • rdacontent
337 -Typ mediów [ , ]
    • a
    • Tryb odtwarzania
    • Bez urządzenia pośredniczącego
    • b
    • Kod typu mediów
    • n
    • 2
    • Źródło (terminu i kodu)
    • rdamedia
338 -Typ/rodzaj nośnika [ , ]
    • a
    • Hasło opisujące typ nośnika
    • Wolumin
    • b
    • Kod typu nośnika
    • nc
    • 2
    • Źródło (terminu i kodu)
    • rdacarrier
500 -Uwaga ogólna [ , ]
    • a
    • Uwaga ogólna (NP)
    • Publikacja zawiera aneksy.
521 -Uwaga dot. przeznaczenia czytelniczego [8, ]
    • a
    • Uwaga dot. przeznaczenia czytelniczego
    • Dla studentów, pracowników służby zagranicznej, dziennikarzy i wszystkich, którzy interesują się stosunkami międzynarodowymi.
080 -Uniwersalna Klasyfikacja Dziesiętna [ , ]
    • 2
    • Identyfikator wydania tablic
    • UDC-P058
    • 9
    • UKD
    • 2329
    • a
    • Symbol klasyfikacji
    • 061.1
    • b
    • Dopowiedzenie
    • Organizacje rządowe. Organizacje międzynarodowe (rządowe).
    • 4
    • UKD2
    • 7642
    • x
    • Poddział wspólny
    • (438)
    • c
    • Dopowiedzenie poddz. wspólnego
    • (Polska).
080 -Uniwersalna Klasyfikacja Dziesiętna [ , ]
    • 2
    • Identyfikator wydania tablic
    • UDC-P058
    • 9
    • UKD
    • 3334
    • a
    • Symbol klasyfikacji
    • 339.73
    • b
    • Dopowiedzenie
    • Instytucje związane z międzynarodowym obrotem płatniczym. Banki międzynarodowe. Międzynarodowe banki inwestycyjne. Bank Światowy. Międzynarodowy Fundusz Walutowy (IMF). Europejski Bank Odbudowy i Rozwoju (EBOR). Unie walutowe.
    • 4
    • UKD2
    • 7642
    • x
    • Poddział wspólny
    • (438)
    • c
    • Dopowiedzenie poddz. wspólnego
    • (Polska).
650 -Hasło przedmiotowe [ ,7]
    • a
    • Hasło przedmiotowe
    • Organizacje międzynarodowe
    • z
    • Określnik geograficzny
    • Polska.
    • 2
    • Źródło terminu
    • kaba
    • 9
    • KHW
    • 367102
650 -Hasło przedmiotowe [ ,7]
    • a
    • Hasło przedmiotowe
    • Organizacje międzynarodowe
    • x
    • Określnik rzeczowy
    • członkostwo.
    • 2
    • Źródło terminu
    • kaba
    • 9
    • KHW
    • 122591
980 -Symbol UKD [ , ]
    • a
    • UKD
    • 061.1:339.73](438)
700 -Hasło dodatkowe - nazwa osobowa [1, ]
    • a
    • Nazwa osobowa (NP)
    • Parzymies, Stanisław Find
    • d
    • Daty biograficzne (NP)
    • (1938- ).
    • e
    • Określenie rodzaju współpracy
    • Red.
    • 9
    • KHW
    • 9201
700 -Hasło dodatkowe - nazwa osobowa [1, ]
    • a
    • Nazwa osobowa (NP)
    • Popiuk-Rysińska, Irena. Find
    • e
    • Określenie rodzaju współpracy
    • Red.
    • 9
    • KHW
    • 41950
710 -Hasło dodatkowe - nazwa ciała zbiorowego [2, ]
    • a
    • Nazwa ciała zbiorowego lub nazwa geograficzna jako pierwszy element (NP)
    • Wydawnictwo Naukowe Scholar.
    • 4
    • Kod relacji
    • pbl
    • 9
    • KHW
    • 52854
920 -ISBN [ , ]
    • a
    • ISBN
    • 978-83-7383-559-7 Find
Status udost. Numer inwentarzowy Sygnatura Lokalizacja Data inwentaryzacji
-3WM.13218 BG2012-04-23
-3WM.13219 BG2012-04-23
1H.21668 BNS2012-04-23
-3GW.610232GW2016-02-19
-2T.13431T.13431T2013-11-12
-2TM.10659 T2014-02-27